Balon de oro-MUERTE SUBITA - Estadísticas

Estadísticas generales
  • Esta prueba ha sido intentada 195 veces
    171 desde el último reinicio
  • La puntuación promedio es 11 de 15
Answers on the Grid
Answers color-coded by a green-red scale on the quiz's grid according to % correct below.
Messi
Benzema
Modric
Cristiano Ronaldo
Rodri
Cannavaro
Kaka
Ronaldinho
Shevchenko
Pavel Nedvêd
Ronaldo Nazario
Michael Owen
Figo
Rivaldo
Zinedine Zidane
Haaland
Vinicius
Hakimi
Tchouameni
David Alaba
Valverde
Kroos
Belingham
Carvajal
Xavi
Xabi Alonso
Pogba
Dembele
Camavinga
Kounde
 
Estadísticas de respuestas
Respuesta % Correcto
Messi
78%
Benzema
75%
Figo
75%
Rivaldo
75%
Rodri
75%
Ronaldo Nazario
75%
Michael Owen
74%
Modric
74%
Cristiano Ronaldo
72%
Zinedine Zidane
72%
Cannavaro
71%
Kaka
71%
Ronaldinho
69%
Shevchenko
69%
Pavel Nedvêd
66%
No se encontraron pruebas coincidentes
Distribución de puntuación
Porcentaje de gente con cada puntuación
Porcentaje por número respondido
Historial de tus puntuaciones
No has intentado esta prueba desde el último reinicio